000 00414pab a2200157 454500
008 180718b2015 xxu||||| |||| 00| 0 eng d
100 _aPersaud, Avinash
245 _aGreece: strophe and antistrophe
260 _c2015
300 _ap.13.
362 _a25 Jul
650 _aGreece - Politics and government
650 _aPolitics and government
773 _aEconomic and Political Weekly
909 _a108502
999 _c108497
_d108497